00714 a2200193 4500003000500000005001700005010001700022020001800039040000900057082000800066245011300074250001200187260007700199300002900276505013400305538002900439700001800468710003400486Nust20170207153457.0 a 2008344447 a9780975586051 cNust a92000aScience for peace and progress :blife and work of Abdus Salam /ccompiled, edited, introduced by Anwar Dil. a1st ed. aSan Diego Ca :bIntercultural Forum Takshila Research University,c2008. a668 p. :bill. ;c25 cm. aPart I. Selected Writings By Abdus Salam (Page-75), Part II. Tributes And Reminiscences (Page-395), Part III. Annexes (Page-629). aAlmirah No.60 Shelf No.41 aDil, Anwar S.2 aTakshila Research University.